| 000 | 00498nam a2200193Ia 4500 | ||
|---|---|---|---|
| 008 | 170918s9999 xx 000 0 und d | ||
| 020 | _a9780545238045 | ||
| 050 | _bH856 2008 | ||
| 100 | _aHowe, James | ||
| 245 | _aHoundsley and Catina and the quiet time / | ||
| 245 | _cJames Howe ; illustrated by Marie-Louise Gay. | ||
| 260 | _aNew York : | ||
| 260 | _bScholastic, | ||
| 260 | _c2008 | ||
| 300 | _a42 pages : | ||
| 300 | _bcolored illustration ; | ||
| 300 | _c23cm. | ||
| 500 | _a590 | ||
| 999 |
_c341556 _d341556 |
||